name that person 2020s #2 - Statistics

General Stats
  • This quiz has been taken 56 times
  • The average score is 10 of 16
Answer Stats
Picture Answer % Correct
harry styles
89%
jason momoa
82%
lizzo
82%
post malone
80%
sabrina carpenter
80%
logan paul
78%
sydney sweeney
69%
travis kelce
65%
shawn mendes
64%
olivia rodrigo
56%
pedro pascal
55%
kendrick lamar
53%
nikola jokic
44%
ana de armas
38%
glen powell
29%
harry kanee
4%
No matching quizzes found
Score Distribution
Percent of People with Each Score
Percentile by Number Answered
Your Score History
You have not taken this quiz